00842nam a2200229Ia 4500003000900000008004100009020001800050040001600068080001600084245015500100260003600255300001500291490006000306650002500366650002800391650001100419700003100430700003400461942000700495999001700502952009300519IN-BaIIA211028s9999 xx 000 0 eng d a0-12-475976-9 cIIA Library a539.18bATO 0aAtomic, molecular, and optical physicsbatoms and moleculescedited by F. B. Dunning and Randall G. Hulet  aSan DiegobAcademic Pressc1996 axix, 435p. aExperimental methods in the physical sciences; vol. 29B aAtomic physics91547 aMolecular physics91914 aOptics aDunning, F. B., ed.924385 aHulet, Randall G., ed.924386 cBK c13920d13920 00104070aBANbBANcGENd0000-00-00l0o539.18/ ATOp14840r2021-11-05w0000-00-00yBK